| Tag |
First Indicator |
Second Indicator |
Subfields |
| LEADER |
00000cam a2200000 a 4500 |
| 001 |
in00002096521 |
| 005 |
20151102152502.0 |
| 008 |
041221s2005 enka f b 001 0 eng |
| 015 |
|
|
|a GBA529010
|2 bnb
|
| 016 |
7 |
|
|a 013170205
|2 Uk
|
| 020 |
|
|
|a 0521847729 (hbk.)
|
| 024 |
3 |
|
|a 9780521847728
|
| 035 |
|
|
|a (OCoLC)ocm58999141
|
| 040 |
|
|
|a UKM
|c UKM
|d BAKER
|d C#P
|d UtOrBLW
|
| 049 |
|
|
|a TXAM
|
| 050 |
|
4 |
|a QE515.5.T46
|b A53 2005
|
| 082 |
0 |
4 |
|a 536.7
|2 22
|
| 100 |
1 |
|
|a Anderson, G. M.
|q (Gregor Munro),
|d 1932-
|
| 245 |
1 |
0 |
|a Thermodynamics of natural systems /
|c G.M. Anderson.
|
| 250 |
|
|
|a 2nd ed.
|
| 264 |
|
1 |
|a Cambridge ;
|a New York :
|b Cambridge University Press,
|c 2005.
|
| 300 |
|
|
|a xiv, 648 pages :
|b illustrations ;
|c 26 cm.
|
| 336 |
|
|
|a text
|b txt
|2 rdacontent
|
| 337 |
|
|
|a unmediated
|b n
|2 rdamedia
|
| 338 |
|
|
|a volume
|b nc
|2 rdacarrier
|
| 500 |
|
|
|a Previous edition: New York: Wiley, 1996.
|
| 504 |
|
|
|a Includes bibliographical references (pages 627-640) and index.
|
| 650 |
|
0 |
|a Thermodynamics.
|
| 650 |
|
0 |
|a Earth sciences.
|
| 945 |
|
|
|i PromptCat
|
| 947 |
|
|
|a A14833161858
|
| 948 |
|
|
|a cataloged
|b h
|c 2005/12/1
|d c
|e achopde
|f 10:41:25 am
|
| 994 |
|
|
|a 92
|b TXA
|
| 999 |
|
|
|a MARS
|
| 999 |
f |
f |
|s 09ec59b0-0275-31fe-854b-9d994f24da7f
|i 3e75344e-6aca-3c48-abaa-528ea8a17932
|t 0
|
| 952 |
f |
f |
|p normal
|a Texas A&M University
|b College Station
|c Sterling C. Evans Library
|d Evans: Library Stacks
|t 0
|e QE515.5.T46 A53 2005
|h Library of Congress classification
|i unmediated -- volume
|m A14833161858
|
| 998 |
f |
f |
|a QE515.5.T46 A53 2005
|t 0
|l Evans: Library Stacks
|